000 00570nam a22002057a 4500
003 OSt
005 20170509144543.0
008 170509b xxu||||| |||| 00| 0 eng d
020 _a071312931x
040 _cDDC.
082 _a571.49MON 1990.
100 _aMonteith,J.L;Unworth,M;
_912131
245 _aprinciples of environmental physics:
250 _a2nd ed
260 _aOxford;Butterworth Heinemann,1990.
300 _axii,291p;
_bill:
_c23cm.
504 _areferences and index are included.
650 _aEnvironmental physics.
_912132
942 _2ddc
_cO_SHELF
999 _c5843
_d5843